[Event "Sao Paulo Carnaval op"]
[Site "Sao Paulo"]
[Date "2018.02.12"]
[Round "6"]
[White "Frattini, Beatriz Maria"]
[Black "Nunes, Adilson"]
[Result "0-1"]
[WhiteElo "1326"]
[BlackElo "1611"]
[PlyCount "136"]
[EventDate "2018.02.10"]
[EventType "swiss"]
[EventRounds "7"]
[EventCountry "BRA"]
[SourceTitle "CBM 183 Extra"]
[Source "ChessBase"]
[SourceDate "2018.04.19"]
[SourceVersion "1"]
[SourceVersionDate "2018.04.19"]
[SourceQuality "1"]

1. e4 c5 2. Nf3 d6 3. d4 cxd4 4. Nxd4 Nf6 5. Nc3 a6 6. f3 e6 7. Be3 Be7 8. Qd2 0-0 9. 0-0-0 Nc6 10. Bc4 Qc7 11. Bb3 Na5 12. g4 Nxb3+ 13. Nxb3 b5 14. g5 Nd7 15. h4 Bb7 16. h5 Ne5 17. Qf2 Nc4 18. Rhg1 Nxe3 19. Qxe3 Rac8 20. Qd2 b4 21. Ne2 d5 22. exd5 Bxd5 23. Ned4 Bd6 24. Kb1 Rfd8 25. Qe2 Be5 26. Rde1 Bxd4 27. Nxd4 Bxa2+ 28. Kxa2 Rxd4 29. Kb1 Rc4 30. Rg2 b3 31. Rc1 Qa5 32. Rd1 Qa2+ 33. Kc1 Rxc2+ 34. Qxc2 Rxc2+ 35. Rxc2 Qa1+ 36. Kd2 Qxd1+ 37. Kxd1 bxc2+ 38. Kxc2 f6 39. g6 hxg6 40. hxg6 e5 41. Kd3 Kf8 42. Ke4 Ke7 43. Kd5 Kd7 44. b4 Ke7 45. Kc5 f5 46. Kc4 e4 47. fxe4 fxe4 48. Kd4 Kf6 49. Kxe4 Kxg6 50. Kd5 Kh5 51. Kc6 g5 52. Kb6 g4 53. Kxa6 g3 54. b5 g2 55. b6 g1Q 56. b7 Qa1+ 57. Kb6 Qb2+ 58. Kc7 Qe5+ 59. Kb6 Qb8 60. Ka6 Kg6 61. Kb6 Kf7 62. Kc6 Ke7 63. Kb6 Kd7 64. Ka6 Kc7 65. Ka5 Qxb7 66. Ka4 Kc6 67. Ka3 Kc5 68. Ka2 Kc4 0-1

[Event "Sao Paulo Schutt Cup 10th"]
[Site "Sao Paulo"]
[Date "2016.10.29"]
[Round "4"]
[White "Vieira, Alexandre Letizio"]
[Black "Nunes, Adilson"]
[Result "1-0"]
[WhiteElo "1831"]
[BlackElo "1692"]
[PlyCount "85"]
[EventDate "2016.10.28"]
[EventType "swiss"]
[EventRounds "6"]
[EventCountry "BRA"]
[SourceTitle "CBM 175 Extra"]
[Source "ChessBase"]
[SourceDate "2016.12.12"]
[SourceVersion "1"]
[SourceVersionDate "2016.12.12"]
[SourceQuality "1"]

1. d4 d5 2. Nf3 Nf6 3. Bf4 e6 4. e3 Be7 5. c3 0-0 6. Bd3 b6 7. Ne5 Bb7 8. Nd2 Ne4 9. 0-0 Nxd2 10. Qxd2 Nd7 11. a4 f6 12. Nf3 Bd6 13. Qc2 f5 14. b4 Bxf4 15. exf4 h6 16. Rfe1 Qf6 17. Ne5 Nxe5 18. Rxe5 Rae8 19. a5 g5 20. axb6 axb6 21. Ra7 Rb8 22. Qe2 Ra8 23. Rxa8 Rxa8 24. h3 Kf7 25. Qh5+ Kg7 26. fxg5 hxg5 27. Qe2 Kf7 28. Qf3 Bc8 29. Bb5 Ke7 30. Qxd5 Ra1+ 31. Kh2 g4 32. Qc6 Qh6 33. Qxc7+ Kf6 34. Re3 f4 35. Qe5+ Ke7 36. Qc7+ Kf6 37. Qd8+ Kg7 38. Qe7+ Kg8 39. Re5 g3+ 40. fxg3 fxg3+ 41. Kxg3 Kh8 42. Rg5 Ra7 43. Qe8+ 1-0

[Event "Osasco Franca Garcia Memorial"]
[Site "Osasco"]
[Date "2015.06.27"]
[Round "3"]
[White "De Freitas, Fabio Ruiz"]
[Black "Nunes, Adilson"]
[Result "0-1"]
[WhiteElo "1544"]
[BlackElo "1707"]
[PlyCount "38"]
[EventDate "2015.06.26"]
[EventType "swiss"]
[EventRounds "6"]
[EventCountry "BRA"]
[SourceTitle "EXT 2016"]
[Source "ChessBase"]
[SourceDate "2015.10.08"]
[SourceVersion "1"]
[SourceVersionDate "2015.10.08"]
[SourceQuality "1"]

1. Nf3 d5 2. c4 e6 3. b3 Nf6 4. g3 Be7 5. Bg2 0-0 6. 0-0 b6 7. Bb2 Bb7 8. e3 Nbd7 9. Qe2 c5 10. Rd1 Qc7 11. Nc3 a6 12. d4 dxc4 13. bxc4 cxd4 14. exd4 Rad8 15. Rac1 Nb8 16. d5 exd5 17. cxd5 Bc5 18. Nh4 Rfe8 19. Qc4 Bxf2+ 0-1

[Event "Sao Paulo Hebraica op 20th"]
[Site "Sao Paulo"]
[Date "2015.06.05"]
[Round "3"]
[White "Nunes, Adilson"]
[Black "Noseda, Francesco"]
[Result "1-0"]
[WhiteElo "1707"]
[BlackElo "1920"]
[PlyCount "89"]
[EventDate "2015.06.04"]
[EventType "swiss"]
[EventRounds "6"]
[EventCountry "BRA"]
[SourceTitle "CBM 166 Extra"]
[Source "ChessBase"]
[SourceDate "2015.06.18"]
[SourceVersion "1"]
[SourceVersionDate "2015.06.18"]
[SourceQuality "1"]

1. d4 Nf6 2. c4 e6 3. Nc3 Bb4 4. Bg5 h6 5. Bd2 0-0 6. e3 d5 7. Bd3 Nc6 8. Nf3 a6 9. 0-0 dxc4 10. Bxc4 Bd6 11. a3 e5 12. dxe5 Nxe5 13. Nxe5 Bxe5 14. Qc2 Bxh2+ 15. Kxh2 Ng4+ 16. Kg3 Ne5 17. Ne4 Bf5 18. Rad1 Qg5+ 19. Nxg5 Bxc2 20. Bxf7+ Nxf7 21. Rc1 Bd3 22. Ne6 Bxf1 23. Nxf8 Kxf8 24. Rxf1 c5 25. Rc1 b6 26. b4 Rc8 27. bxc5 bxc5 28. Bb4 Ke7 29. Rxc5 Rxc5 30. Bxc5+ Ke6 31. Bd4 g6 32. f4 Nd6 33. Kf3 Kd5 34. Bc3 Nb5 35. Bb2 Nd6 36. g4 Nc4 37. Bc1 Nd6 38. Bb2 Nc4 39. e4+ Ke6 40. f5+ gxf5 41. gxf5+ Kd6 42. Bc1 Ne5+ 43. Kg3 h5 44. Bf4 a5 45. Kh4 1-0

[Event "Bairro op"]
[Site "Bairro Buritizal"]
[Date "2014.04.11"]
[Round "2"]
[White "Nunes, Adilson"]
[Black "Chang, Suzana"]
[Result "0-1"]
[WhiteElo "1766"]
[BlackElo "2035"]
[PlyCount "100"]
[EventDate "2014.04.11"]
[EventType "swiss"]
[EventRounds "6"]
[EventCountry "BRA"]
[SourceTitle "CBM 160 Extra"]
[Source "ChessBase"]
[SourceDate "2014.07.01"]
[SourceVersion "1"]
[SourceVersionDate "2014.07.01"]
[SourceQuality "1"]

1. d4 Nf6 2. Nf3 g6 3. e3 Bg7 4. Be2 0-0 5. 0-0 d6 6. b3 e5 7. dxe5 Ng4 8. Bb2 Nc6 9. Nc3 Ngxe5 10. Rb1 Be6 11. Re1 a5 12. Nd4 Bd7 13. Nf3 Re8 14. Nd5 Nb4 15. Nxe5 Bxe5 16. Bxe5 Rxe5 17. Nxb4 axb4 18. Ra1 Rea5 19. Bf3 Bc6 20. Bxc6 bxc6 21. Qf3 c5 22. g3 Rxa2 23. Rxa2 Rxa2 24. Re2 Qe7 25. h4 h5 26. e4 Kg7 27. Kg2 Qf6 28. Qe3 Ra1 29. e5 Qe6 30. exd6 Qd5+ 31. f3 cxd6 32. Rd2 Qf5 33. Rxd6 Qxc2+ 34. Rd2 Qf5 35. Re2 Ra3 36. Rb2 Ra6 37. Qe2 Re6 38. Qd2 Qe5 39. Kf2 Rd6 40. Qc2 Qd4+ 41. Kg2 Re6 42. Ra2 Re3 43. Rb2 Qd5 44. Qf2 Rxb3 45. Rxb3 Qxb3 46. Qxc5 Qc3 47. Qa5 Qb2+ 48. Kh3 Qb3 49. Qe5+ Kh7 50. f4 Qe6+ 0-1

[Event "Sao Paulo Hebraica op 17th"]
[Site "Sao Paulo"]
[Date "2014.01.11"]
[Round "4"]
[White "Nunes, Adilson"]
[Black "Gazola, Vanessa Ramos"]
[Result "0-1"]
[WhiteElo "1782"]
[BlackElo "1994"]
[PlyCount "98"]
[EventDate "2014.01.09"]
[EventType "swiss"]
[EventRounds "6"]
[EventCountry "BRA"]
[SourceTitle "CBM 158 Extra"]
[Source "ChessBase"]
[SourceDate "2014.02.28"]
[SourceVersion "1"]
[SourceVersionDate "2014.02.28"]
[SourceQuality "1"]

1. d4 d5 2. Nf3 Nf6 3. e3 Bg4 4. Be2 e6 5. 0-0 Bd6 6. b3 Qe7 7. c4 c6 8. Bb2 0-0 9. Nbd2 Ne4 10. a3 Nxd2 11. Nxd2 Bxe2 12. Qxe2 Nd7 13. e4 dxe4 14. Nxe4 Bc7 15. a4 Rfd8 16. Qh5 Nf8 17. Ng5 Qf6 18. Rab1 Qf5 19. Qh4 h6 20. Nf3 Ng6 21. Qh3 Qxh3 22. gxh3 Nf4 23. h4 Rd7 24. Kh1 Kh7 25. Rg1 g6 26. Bc1 Ne2 27. Rd1 Nc3 28. Bb2 Nxb1 29. Rxb1 Rad8 30. Rg1 c5 31. Nd2 cxd4 32. Ne4 Be5 33. f4 Bg7 34. h5 d3 35. hxg6+ fxg6 36. Bxg7 Kxg7 37. Nc5 Re7 38. Rd1 d2 39. Kg2 b6 40. Ne4 Rd4 41. Kf3 Red7 42. c5 bxc5 43. Nxc5 R7d6 44. Ne4 Rb6 45. Nc5 Rd5 46. b4 Kf7 47. Ne4 Rxb4 48. Nxd2 Rxa4 49. Rc1 Rxd2 0-1